000 00306nam a22001337a 4500
008 181015b xxu||||| |||| 00| 0 eng d
020 _a9780741450647
041 _aeng
080 _a341
100 _a15
101 _aJUR
245 _aJustice Delayed Justice Dennied
_cEllison.B.B
942 _2udc
_cBK
999 _c49769
_d49769